The National Accreditation System for Higher Education Institutions in Russia; Higher Education in Europe; Vol. 27, № 3

Bibliografiska uppgifter
Parent link:Higher Education in Europe
Vol. 27, № 3.— 2002.— P. 217-230
Huvudupphovsman: Pokholkov Y. P. Yuri Petrovich
Övriga upphovsmän: Chuchalin A. I. Alexander Ivanovich, Mogilnitsky S. B.
Sammanfattning:The national accreditation system for higher education institutions in the Russian Federation is presented. The procedure for the integrated assessment of university activities, which is provided by the Ministry of Education, is described. The article examines licensing and attestation requirements and the procedure for achieving state accreditation. The requirements for gaining public professional accreditation are examined, as well as the tasks of the Russian Association for Engineering Education in this field. The experience of Tomsk Polytechnic University in developing an internal attestation system and quality assurance for its educational process is discussed, as well as the involvement of the institution in international co-operation
В фонде НТБ ТПУ отсутствует
Språk:engelska
Publicerad: 2002
Ämnen:
Materialtyp: Bokavsnitt
KOHA link:https://koha.lib.tpu.ru/cgi-bin/koha/opac-detail.pl?biblionumber=595591

MARC

LEADER 00000naa0a2200000 4500
001 595591
005 20250307133813.0
035 |a (RuTPU)RU\TPU\tpu\16924 
090 |a 595591 
100 |a 20091210d2002 k||y0rusy50 ba 
101 0 |a eng 
102 |a GB 
200 1 |a The National Accreditation System for Higher Education Institutions in Russia  |f Y. P. Pokholkov, A. I Chuchalin, S. B. Mogilnitsky 
320 |a References: p. 230 
330 |a The national accreditation system for higher education institutions in the Russian Federation is presented. The procedure for the integrated assessment of university activities, which is provided by the Ministry of Education, is described. The article examines licensing and attestation requirements and the procedure for achieving state accreditation. The requirements for gaining public professional accreditation are examined, as well as the tasks of the Russian Association for Engineering Education in this field. The experience of Tomsk Polytechnic University in developing an internal attestation system and quality assurance for its educational process is discussed, as well as the involvement of the institution in international co-operation 
333 |a В фонде НТБ ТПУ отсутствует 
461 |t Higher Education in Europe 
463 |t Vol. 27, № 3  |i Quality Transnational Education: A Shared Commitment for Sustainable Development: Papers presented at the Annual Conference of the Global Alliance for Transnational Education (6th, San Jose, Costa Rica, October 8-10, 2001)  |v P. 217-230  |d 2002 
610 1 |a труды учёных ТПУ 
700 1 |a Pokholkov  |b Y. P.  |c Russian electrical engineer, doctor of engineering  |c Rector of the TPU (1990 - 2008), professor  |f 1939-  |g Yuri Petrovich  |3 (RuTPU)RU\TPU\pers\24842 
701 1 |a Chuchalin  |b A. I.  |c Doctor of technical sciences, Professor of Tomsk Polytechnic University  |c Vice-rector for Academic and International Affairs  |f 1952-  |g Alexander Ivanovich  |3 (RuTPU)RU\TPU\pers\30123 
701 1 |a Mogilnitsky  |b S. B. 
801 1 |a RU  |b 63413507  |c 20091210 
801 2 |a RU  |b 63413507  |c 20121114  |g RCR 
942 |c CR